000 00928cam a2200229 a 4500
001 000018721
005 20200929165840.0
008 761004s1966 ve 000 p spa d
040 _aDO-SdBNP
_bspa
_dDLC
_dBNPHU
082 _aVe861.44
_bC348g
100 1 _aCastellanos, Enrique.
_939794
245 1 3 _aLa generación del 18 en la poetica venezolana /
_cEnrique Castellanos.
260 _aCaracas, Venezuela :
_bEdiciones Cuatricentenario de Caracas,
_c1966.
300 _a147 p. ;
_c24 cm.
490 1 _aComisión Nacional del Cuatricentenario de la Fundación de Caracas
_aComíte de Obras Culturales
650 4 _aPoesía venezolana
_94230
650 4 _aPoesía venezolana
_xHistoria y crítica
_98721
650 4 _aLiteratura venezolana
_93816
830 0 _aComisión Nacional del Cuatricentenario de la Fundación de Caracas,
_pComíte de Obras Culturales
_940411
910 _aCatalogación derivada / LC
049 _aBNGR
999 _c18241
_d18241